Longest Countries Quiz Stats

Quiz Updated Nov 22, 2011

Challenge
Share
Tweet
Embed
Score 0/40 Timer 06:00
11 Plays Today
Rank Country % Correct
1Russia
99.3%
4United States
98.8%
2Canada
97.7%
3China
97.4%
5Brazil
95.2%
7Chile
92.5%
6Australia
92.4%
8Argentina
91%
10India
91%
9Mexico
90.8%
28South Africa
79.2%
29Norway
75.8%
38Sweden
74.9%
16Iran
73.6%
13Mongolia
72.9%
15Saudi Arabia
70.5%
22Sudan
70.5%
32Indonesia
70.3%
33Turkey
68.6%
23Pakistan
68.5%
Rank Country % Correct
18Peru
66.1%
11Kazakhstan
64.3%
12Denmark (Greenland)
62.6%
17Algeria
61.5%
21Libya
61.2%
26Niger
61%
14Democratic Rep. of the Congo
60%
30Chad
59.1%
36Vietnam
54%
25Colombia
53.2%
35Thailand
51.2%
39Madagascar
47.9%
34Ethiopia
47.9%
27Somalia
47.8%
24Mali
44.5%
37Bolivia
43.2%
20Mozambique
41.9%
31Angola
40.1%
19Myanmar
36.3%
40Mauritania
31.5%

You're not logged in!

Compare scores with friends on all Sporcle quizzes.
Join for Free
OR
Log In

You Might Also Like...

Show Comments

Extras

Top Quizzes Today


Score Distribution

Your Account Isn't Verified!

In order to create a playlist on Sporcle, you need to verify the email address you used during registration. Go to your Sporcle Settings to finish the process.

Report this User

Report this user for behavior that violates our Community Guidelines.

Details: